000 00913nam a2200301 c 4500
003 BLK
005 20190913121317.0
008 180911b bul|||||r ||||||| ||bul||
010 _a004436
040 _aBLK
041 _aFRE
080 _z840-2
100 1 _aPORTO-RICH, Georges de
_eпърви автор
245 0 0 _aAmoureuse ; L'Infidele
246 _pдрама-трагедии
260 _aParis
_bArtheme Fayard et Cie
_cs.a
300 _a124 с
_bс ил.
_c24 см
380 _a82
490 _aModern-Theatre
490 _aЧастна колекция - Академик Михаил Арнаудов
_gДарение - Основен фонд
653 _9
_aдрама
653 _9
_aтрагедии
655 _aфренска литература
700 1 _aGeorges de Porto-Riche
700 1 _a Ill. de Paul Thirat
852 _aМА 1549
942 _cKNG
_n0
944 _aCR
_c1996
_kValK
999 _c344770
_d344770